000 01033nam2a22002891 4500
001 RU\NLR\INFOCOMM\1000035805
005 20250806205928.0
035 _a(NLR Aleph) 002764612
090 _a56262
_c56262
100 _a20040202d1944 u y0rusy50 ca
101 0 _arus
102 _aRU
105 _ay |||||||||
200 1 _aЭкономическая обточка бандажей вагонных и тендерных колесных пар
_fБеев, Д.А.
_gМоронг, В.В.
210 _d1944
461 0 _1001RU\NLR\INFOCOMM\1000035770
_12001#$aИнформационное письмо$fВсесоюз. науч.-ислед. ин-т ж.-д. транспорта$v11(47)
700 1 _aБеев
_bД.А.
_4070
701 1 _aМоронг
_bВ.В.
_4070
801 1 _aRU
_bInfoComm
_c20040202
801 0 _aRU
_bNLR
_gPSBO
852 _aNLR
_jП10/646
942 _cISSUE
945 _aРоссийская национальная библиотека
980 _aNB
980 _aBV
980 _aRUSPER